| 000 | 01555cam a22001934a 4500 | ||
|---|---|---|---|
| 005 | 20250605164053.0 | ||
| 008 | 250528s ||||||||||||||||||||||||d | ||
| 035 | _a17365 | ||
| 020 | _a851987184 | ||
| 040 |
_aGR-AtMCL _bgre _dGR-AtMCL _eAACR2 |
||
| 245 | 1 | _aThe Tourism Industry / An International Analysis | |
| 260 |
_bCab International _bSinclair Thea M, _c1993 |
||
| 300 | _a246 | ||
| 520 | _aThis book concentrates particularly on the internationalization of the tourism industry and the interaction between it, the consumer and destination areas. Acknowledgements, New Perspectives on the Tourism Industry, Modelling the Tourism Industry: A New Approach, Information Technology in Tourism: The Impact on the Industry and Supply of Holidays, Integration in the Tourism Industry: A Case Study Approach, Tour Operators' Strategies: A Cross-Country Comparison, Changing Styles of Sports Tourism: Industry/ Consumer Interactions in Canada and the USA and Europe, Products and Places and Promotion: Destination Images in the Analysis of the Tourism Industry, Guest-Host Perceptions of Rural Tourism in England and Portugal, Understanding Holiday Choices, The Tourism Industry and Foreign Exchange Lewak Ages in a Developing Country: The Distribution of Earnings from Safari and Beach Tourism in Kenya, Government and Industry and Community Interaction in Tourism Development in Mexico, Challenge and Change in East European Tourism: A Yugoslav Example, Index. | ||
| 700 | 1 |
_aStabler M.J _93517 |
|
| 942 | _cBK | ||
| 999 |
_c2789 _d2789 |
||